000 00238nam a22000857a 4500
008 160706b xxu||||| |||| 00| 0 eng d
100 _92370
_a Govindan, S
245 _aWhere does the Wind Live
260 _aNew Delhi
_b National Book Trust
_c2001
999 _c2046
_d2046